[Event "Arco op 45th"]
[Site "Arco"]
[Date "2023.10.12"]
[Round "6"]
[White "Klings, Peter"]
[Black "Blasco, Domenico"]
[Result "1-0"]
[WhiteElo "2045"]
[BlackElo "1807"]
[PlyCount "92"]
[EventDate "2023.10.07"]
[EventType "swiss"]
[EventRounds "9"]
[EventCountry "ITA"]
[SourceTitle "Mega2024 Update 01"]
[Source "Chessbase"]
[SourceDate "2023.11.12"]
[SourceVersion "1"]
[SourceVersionDate "2023.11.12"]
[SourceQuality "1"]

1. e4 g6 2. d4 Bg7 3. Nf3 d6 4. h3 Nc6 5. d5 Ne5 6. Nxe5 Bxe5 7. Bd3 e6 8. 0-0 a6 9. Nd2 Ne7 10. dxe6 Bxe6 11. Nf3 Bg7 12. Ng5 Bd7 13. Bc4 0-0 14. c3 h6 15. Nf3 Bb5 16. Bxb5 axb5 17. Qb3 c6 18. Bf4 d5 19. Rad1 Qa5 20. Bd6 dxe4 21. Bxe7 Rfe8 22. Ba3 exf3 23. Rd7 Rf8 24. Bxf8 Rxf8 25. Re1 b4 26. g4 Qg5 27. Qxb4 Qf6 28. Qe4 h5 29. Re3 hxg4 30. hxg4 Qg5 31. Rxf3 Be5 32. Rfd3 Bf4 33. Qg2 Re8 34. Rd1 Kg7 35. Rxb7 Re2 36. Kf1 Re8 37. Rdd7 Rf8 38. Qf3 Qh6 39. Qxc6 Qh3+ 40. Qg2 Qh6 41. Ke2 Qg5 42. Kd1 Qa5 43. Qd5 Qa4+ 44. Ke1 Qc2 45. Rxf7+ Rxf7 46. Qxf7+ Kh6 1-0

[Event "Norway Chess op"]
[Site "Stavanger"]
[Date "2023.05.31"]
[Round "7"]
[White "Levitan, Ronit"]
[Black "Klings, Peter"]
[Result "1-0"]
[WhiteElo "2220"]
[BlackElo "2071"]
[PlyCount "65"]
[EventDate "2023.05.27"]
[EventType "swiss"]
[EventRounds "10"]
[EventCountry "NOR"]
[SourceTitle "CBM 214 Extra"]
[Source "ChessBase"]
[SourceDate "2023.07.31"]
[SourceVersion "1"]
[SourceVersionDate "2023.07.31"]
[SourceQuality "1"]

1. e4 c6 2. d4 d5 3. exd5 cxd5 4. Bd3 Nc6 5. c3 Nf6 6. h3 e5 7. dxe5 Nxe5 8. Nf3 Nxd3+ 9. Qxd3 Bd6 10. 0-0 0-0 11. Bg5 h6 12. Bh4 a5 13. Nbd2 Ra6 14. Nd4 Re8 15. Rae1 Bb8 16. N2f3 Rxe1 17. Rxe1 Qf8 18. Bxf6 Rxf6 19. Qb5 Be6 20. Qxb7 Qd6 21. Qa8 Kh7 22. Qxa5 Bd7 23. Qb4 Qc7 24. Re7 Qf4 25. Ne2 Qc7 26. Rxd7 Qxd7 27. Qxb8 Qf5 28. Qb5 Qb1+ 29. Kh2 Qxa2 30. Qd3+ g6 31. b4 Kg7 32. Qe3 Qb1 33. Nfd4 1-0

[Event "Norway Chess op"]
[Site "Stavanger"]
[Date "2023.05.29"]
[Round "5"]
[White "Myagmarsuren, Evsuld"]
[Black "Klings, Peter"]
[Result "1/2-1/2"]
[WhiteElo "2181"]
[BlackElo "2071"]
[PlyCount "119"]
[EventDate "2023.05.27"]
[EventType "swiss"]
[EventRounds "10"]
[EventCountry "NOR"]
[SourceTitle "CBM 214 Extra"]
[Source "ChessBase"]
[SourceDate "2023.07.31"]
[SourceVersion "1"]
[SourceVersionDate "2023.07.31"]
[SourceQuality "1"]

1. e4 c6 2. d4 d5 3. exd5 cxd5 4. Bd3 Nc6 5. c3 Nf6 6. Bf4 Bg4 7. Qb3 Qd7 8. Nd2 e6 9. Ngf3 Bd6 10. Bxd6 Qxd6 11. 0-0 0-0 12. Rfe1 Ne7 13. Ne5 Bf5 14. Rab1 Bxd3 15. Nxd3 a5 16. Re2 Qa6 17. Re3 Nf5 18. Rh3 Nd6 19. Qc2 Rfe8 20. Re1 Qb6 21. Nc5 Qc7 22. Nf3 h6 23. Ne5 b6 24. Ncd3 Nde4 25. Nf4 b5 26. f3 Ng5 27. Rg3 b4 28. h4 Ngh7 29. Ne2 Nf8 30. Qd2 Nh5 31. Rh3 bxc3 32. bxc3 Nf6 33. g4 N6d7 34. Nxd7 Qxd7 35. h5 Qe7 36. f4 Qf6 37. Rg3 Kh8 38. g5 Qf5 39. Nc1 Nd7 40. Nd3 Rab8 41. Nf2 Rb1 42. Nd1 Reb8 43. Rg2 Ra1 44. gxh6 gxh6 45. Qe2 Nf6 46. Qf3 Rbb1 47. Qg3 Qg4 48. Qxg4 Nxg4 49. Rxg4 Rxd1 50. Rxd1 Rxd1+ 51. Kh2 Rc1 52. f5 exf5 53. Rf4 Rc2+ 54. Kg3 Rxc3+ 55. Rf3 Rxf3+ 56. Kxf3 Kg7 57. a4 Kf6 58. Kf4 Ke6 59. Kf3 Kf6 60. Kf4 1/2-1/2

[Event "AUT-chT2W 2223"]
[Site "Austria"]
[Date "2023.01.22"]
[Round "8.4"]
[White "Klings, Peter"]
[Black "Ljubic, Juro"]
[Result "1/2-1/2"]
[WhiteElo "2080"]
[BlackElo "2182"]
[PlyCount "60"]
[EventDate "2022.09.23"]
[EventType "team-tourn"]
[EventRounds "11"]
[EventCountry "AUT"]
[SourceTitle "CBM 213 Extra"]
[Source "ChessBase"]
[SourceDate "2023.05.31"]
[SourceVersion "1"]
[SourceVersionDate "2023.05.31"]
[SourceQuality "1"]
[WhiteTeam "Dornbirn"]
[BlackTeam "Schwarzach"]
[WhiteTeamCountry "AUT"]
[BlackTeamCountry "AUT"]

1. Nf3 c5 2. c4 b6 3. Nc3 g6 4. d4 cxd4 5. Nxd4 Bg7 6. e4 d6 7. Be3 Nf6 8. Be2 Bb7 9. f3 0-0 10. 0-0 Nc6 11. Qd2 Nxd4 12. Bxd4 Nd7 13. Bxg7 Kxg7 14. f4 Rc8 15. Kh1 Qc7 16. Rac1 Nf6 17. Nd5 Bxd5 18. exd5 Qd7 19. Qd4 Qf5 20. Bf3 Kg8 21. Rc3 Rc7 22. h3 h5 23. Re1 Rfc8 24. a4 a6 25. Rg1 h4 26. Rgc1 Rb8 27. Rf1 Rbc8 28. Rfc1 Rb8 29. Rf1 Rbc8 30. Rfc1 Rb8 1/2-1/2

[Event "Arco op 44th"]
[Site "Arco"]
[Date "2022.10.13"]
[Round "6"]
[White "Schleich, Theodor"]
[Black "Klings, Peter"]
[Result "0-1"]
[WhiteElo "1907"]
[BlackElo "2071"]
[PlyCount "72"]
[EventDate "2022.10.08"]
[EventType "swiss"]
[EventRounds "9"]
[EventCountry "ITA"]
[SourceTitle "CBM 210 Extra"]
[Source "ChessBase"]
[SourceDate "2022.11.30"]
[SourceVersion "1"]
[SourceVersionDate "2022.11.30"]
[SourceQuality "1"]

1. d4 Nf6 2. Nc3 d5 3. Bf4 c5 4. e3 a6 5. dxc5 Nc6 6. a3 h6 7. Nf3 g5 8. Bg3 Bg7 9. Qd2 Bg4 10. Bd3 Nh5 11. 0-0-0 Nxg3 12. hxg3 e6 13. Ne2 Qe7 14. b4 a5 15. b5 Qxc5 16. c3 Ne5 17. Nxe5 Bxe2 18. Bxe2 Bxe5 19. Kb2 0-0-0 20. Rc1 Kb8 21. Kb3 Rd6 22. a4 Rd7 23. g4 Bg7 24. g3 Rc8 25. Rc2 Qd6 26. Rd1 Rdc7 27. c4 Bf8 28. c5 Rxc5 29. Rxc5 Qxc5 30. Ra1 Bg7 31. Rd1 Bc3 32. Qc2 Qb4+ 33. Ka2 Be1 34. Qb3 Qxb3+ 35. Kxb3 Bxf2 36. Rf1 Bxe3 0-1

[Event "Graz op-A"]
[Site "Graz"]
[Date "2020.02.20"]
[Round "8"]
[White "Nomin Erdene, Davaademberel"]
[Black "Klings, Peter"]
[Result "1-0"]
[WhiteElo "2417"]
[BlackElo "2154"]
[PlyCount "81"]
[EventDate "2020.02.14"]
[EventType "swiss"]
[EventRounds "9"]
[EventCountry "AUT"]
[SourceTitle "CBM 195 Extra"]
[Source "ChessBase"]
[SourceDate "2020.05.31"]
[SourceVersion "1"]
[SourceVersionDate "2020.05.31"]
[SourceQuality "1"]

1. e4 e6 2. d4 d5 3. e5 c5 4. c3 Nc6 5. Nf3 Bd7 6. Be2 Qb6 7. 0-0 Rc8 8. b3 Nh6 9. Na3 cxd4 10. cxd4 Nf5 11. Nc2 Nb4 12. Ne3 Nxe3 13. fxe3 Nc2 14. Rb1 Be7 15. b4 Ba4 16. Bd3 0-0 17. Bd2 Rc7 18. Kh1 a6 19. Rb2 Rfc8 20. Ng1 g6 21. Qf3 Be8 22. Rb3 Bg5 23. Rf2 Qa7 24. Nh3 Bh6 25. Nf4 b6 26. Qg4 Bg7 27. h4 b5 28. h5 Nxd4 29. exd4 Qxd4 30. Rf1 Qxe5 31. hxg6 hxg6 32. Re1 Qd4 33. Qf3 Qf6 34. Qg3 Rc6 35. Rf1 Qe5 36. Qf3 R8c7 37. Re1 Qf6 38. Nxd5 Qh4+ 39. Kg1 Bd4+ 40. Ne3 Rc1 41. Rxc1 1-0

[Event "Arco op 41st"]
[Site "Arco"]
[Date "2019.10.11"]
[Round "8"]
[White "Schroeder, Wilfried"]
[Black "Klings, Peter"]
[Result "1-0"]
[WhiteElo "2195"]
[BlackElo "2121"]
[PlyCount "45"]
[EventDate "2019.10.04"]
[EventType "swiss"]
[EventRounds "9"]
[EventCountry "ITA"]
[SourceTitle "EXT 2020"]
[Source "ChessBase"]
[SourceDate "2019.10.17"]
[SourceVersion "1"]
[SourceVersionDate "2019.10.17"]
[SourceQuality "1"]

1. Nf3 Nf6 2. g3 d5 3. d4 c5 4. Bg2 cxd4 5. 0-0 h6 6. Bf4 Nc6 7. Nxd4 Qb6 8. Nxc6 bxc6 9. Nd2 Bg4 10. h3 Bh5 11. g4 Bg6 12. c4 Qa6 13. cxd5 cxd5 14. Rc1 e6 15. Rc7 Be7 16. Nc4 0-0 17. Ne5 Bd8 18. Nxg6 fxg6 19. Rc2 Qxa2 20. Bd6 Re8 21. Qd3 g5 22. Ba3 Be7 23. b4 1-0

[Event "Arco op 41st"]
[Site "Arco"]
[Date "2019.10.10"]
[Round "7"]
[White "Klings, Peter"]
[Black "Curien, Nicolas"]
[Result "1/2-1/2"]
[WhiteElo "2121"]
[BlackElo "2266"]
[PlyCount "91"]
[EventDate "2019.10.04"]
[EventType "swiss"]
[EventRounds "9"]
[EventCountry "ITA"]
[SourceTitle "EXT 2020"]
[Source "ChessBase"]
[SourceDate "2019.10.17"]
[SourceVersion "1"]
[SourceVersionDate "2019.10.17"]
[SourceQuality "1"]

1. e4 e6 2. d4 d5 3. e5 c5 4. c3 Nc6 5. Nf3 Bd7 6. Be2 Nge7 7. a3 cxd4 8. cxd4 Nf5 9. b4 Rc8 10. Bb2 Qb6 11. 0-0 Be7 12. Qd2 0-0 13. Bd3 Kh8 14. Bxf5 exf5 15. Nc3 Be6 16. Na4 Qd8 17. Nc5 b6 18. Nb3 g5 19. Ne1 f4 20. Nd3 Qd7 21. Rfc1 Bf5 22. Rc3 Nd8 23. Rxc8 Qxc8 24. Rc1 Qd7 25. Rc3 Ne6 26. Ndc1 Rg8 27. Ne2 Be4 28. f3 Bf5 29. Qe1 g4 30. Nd2 a5 31. bxa5 bxa5 32. fxg4 Bxg4 33. Nf3 Bh3 34. g3 fxg3 35. hxg3 Bg4 36. Bc1 a4 37. Bd2 Rc8 38. Qc1 Rc4 39. Kf2 Qc6 40. Be3 Kg8 41. Qb2 Kg7 42. Qc1 h5 43. Bh6+ Kg8 44. Be3 Kg7 45. Bh6+ Kg8 46. Be3 1/2-1/2

[Event "Helsingor Xtracon op"]
[Site "Helsingor"]
[Date "2019.07.24"]
[Round "6"]
[White "Klings, Peter"]
[Black "Heimisson, Hilmir Freyr"]
[Result "0-1"]
[WhiteElo "2105"]
[BlackElo "2279"]
[PlyCount "64"]
[EventDate "2019.07.20"]
[EventType "swiss"]
[EventRounds "10"]
[EventCountry "DEN"]
[SourceTitle "CBM 191 Extra"]
[Source "ChessBase"]
[SourceDate "2019.09.30"]
[SourceVersion "1"]
[SourceVersionDate "2019.09.30"]
[SourceQuality "1"]

1. Nf3 f5 2. g3 Nf6 3. Bg2 g6 4. d4 Bg7 5. c3 c6 6. 0-0 0-0 7. Qb3+ Kh8 8. Bf4 h6 9. Nbd2 d6 10. e4 Nh5 11. Be3 f4 12. gxf4 Nxf4 13. Nh4 Kh7 14. Ndf3 Nxg2 15. Kxg2 Qd7 16. Rg1 Qh3+ 17. Kh1 Rxf3 18. Nxg6 Qe6 19. Qxe6 Bxe6 20. Nf4 Bh3 21. Nxh3 Rxh3 22. Rg4 Nd7 23. Rag1 Rg8 24. Kg2 Rh5 25. a4 Nf6 26. Rf4 Bh8+ 27. Kh1 Rxg1+ 28. Kxg1 Rg5+ 29. Kf1 Rg4 30. e5 dxe5 31. dxe5 Rxf4 32. Bxf4 Nd5 0-1

[Event "Helsingor Xtracon op"]
[Site "Helsingor"]
[Date "2019.07.22"]
[Round "4"]
[White "Klings, Peter"]
[Black "Baliuniene, Margarita"]
[Result "1-0"]
[WhiteElo "2105"]
[BlackElo "1917"]
[PlyCount "81"]
[EventDate "2019.07.20"]
[EventType "swiss"]
[EventRounds "10"]
[EventCountry "DEN"]
[SourceTitle "CBM 191 Extra"]
[Source "ChessBase"]
[SourceDate "2019.09.30"]
[SourceVersion "1"]
[SourceVersionDate "2019.09.30"]
[SourceQuality "1"]

1. Nf3 d5 2. g3 Nf6 3. Bg2 e6 4. 0-0 c5 5. d3 Be7 6. Nbd2 Nc6 7. e4 dxe4 8. dxe4 0-0 9. e5 Nd5 10. Re1 Qc7 11. c3 Rd8 12. Qc2 b5 13. Qe4 Bb7 14. Nf1 Na5 15. Qg4 Nc4 16. h4 Kh8 17. N1h2 Rd7 18. h5 a5 19. a4 Ncb6 20. axb5 c4 21. Nd4 a4 22. Nhf3 a3 23. Ng5 Bxg5 24. Qxg5 h6 25. Qd2 axb2 26. Rxa8+ Bxa8 27. Bxb2 Bb7 28. Qe2 Rd8 29. Ba3 Nd7 30. Bd6 Qb6 31. Bf1 Rc8 32. Ra1 Qd8 33. Qd2 N7b6 34. Ra3 Ra8 35. Qb2 Na4 36. Qc2 Ndb6 37. Nc6 Qg5 38. Be2 f6 39. Ne7 f5 40. Ng6+ Kg8 41. Be7 1-0

[Event "Pfalz op 10th"]
[Site "Neustadt an der Weinstrasse"]
[Date "2019.03.04"]
[Round "7"]
[White "Schulze, Lara"]
[Black "Klings, Peter"]
[Result "0-1"]
[WhiteElo "2215"]
[BlackElo "2088"]
[PlyCount "84"]
[EventDate "2019.03.01"]
[EventType "swiss"]
[EventRounds "9"]
[EventCountry "GER"]
[SourceTitle "CBM 189 Extra"]
[Source "ChessBase"]
[SourceDate "2019.06.03"]
[SourceVersion "1"]
[SourceVersionDate "2019.06.03"]
[SourceQuality "1"]

1. e4 c6 2. d4 d5 3. e5 Bf5 4. Nd2 e6 5. Nb3 Nd7 6. Nf3 c5 7. Nxc5 Bxc5 8. dxc5 Nxc5 9. Nd4 Ne7 10. Be2 Rc8 11. 0-0 a6 12. Be3 Bg6 13. c3 Qc7 14. f4 Nf5 15. Nxf5 Bxf5 16. Bd4 Qe7 17. g4 Be4 18. b4 Nd7 19. Bf3 Bxf3 20. Qxf3 h5 21. Qh3 Qf8 22. f5 Qe7 23. Kh1 Kd8 24. g5 Rc6 25. a4 exf5 26. Qxf5 Ke8 27. e6 fxe6 28. Qg6+ Kd8 29. Rf7 Qd6 30. b5 Rc4 31. bxa6 bxa6 32. Rb1 Kc8 33. Ba7 Qc6 34. Rxd7 d4+ 35. Kg1 Qxd7 36. Rb8+ Kc7 37. Rxh8 dxc3 38. Bb8+ Kc6 39. Qe8 Qxe8 40. Rxe8 Kd7 41. Rg8 c2 42. Rxg7+ Kc8 0-1

[Event "BL2-Sued 1819"]
[Site "Germany"]
[Date "2019.02.24"]
[Round "8.7"]
[White "Burri, Quentin"]
[Black "Klings, Peter"]
[Result "1-0"]
[WhiteElo "2422"]
[BlackElo "2400"]
[PlyCount "79"]
[EventDate "2018.11.10"]
[EventType "team-tourn"]
[EventRounds "10"]
[EventCountry "GER"]
[SourceTitle "CBM 190 Extra"]
[Source "ChessBase"]
[SourceDate "2019.07.15"]
[SourceVersion "1"]
[SourceVersionDate "2019.07.15"]
[SourceQuality "1"]
[WhiteTeam "Emmendingen"]
[BlackTeam "Moerlenbach Birkenau"]
[WhiteTeamCountry "GER"]
[BlackTeamCountry "GER"]

1. e4 c6 2. d4 d5 3. e5 Bf5 4. Nf3 e6 5. Be2 Ne7 6. 0-0 Ng6 7. Be3 Nd7 8. Nbd2 h5 9. Re1 Be7 10. c4 Nb6 11. c5 Nd7 12. b4 a6 13. Nb3 h4 14. Nfd2 f6 15. f4 Ngf8 16. Nf3 Be4 17. exf6 Nxf6 18. Ne5 Bf5 19. a4 N8d7 20. b5 axb5 21. axb5 Nxe5 22. fxe5 Ne4 23. Qc1 0-0 24. Rxa8 Qxa8 25. Qb2 Qa4 26. b6 Qb4 27. Ra1 Kh7 28. Qa3 Qc3 29. Na5 Ra8 30. Qxc3 Nxc3 31. Bf1 Bg4 32. Nb3 Ne2+ 33. Kf2 Rf8+ 34. Ke1 Nc3 35. h3 Bf5 36. Ra7 Bc2 37. Nc1 Nd1 38. Bd2 Rb8 39. Bd3+ Bxd3 40. Nxd3 1-0

[Event "Helsingor Xtracon op"]
[Site "Helsingor"]
[Date "2018.07.29"]
[Round "10"]
[White "Klings, Peter"]
[Black "Pettersen, Johan"]
[Result "0-1"]
[WhiteElo "2102"]
[BlackElo "1858"]
[PlyCount "52"]
[EventDate "2018.07.21"]
[EventType "swiss"]
[EventRounds "10"]
[EventCountry "DEN"]
[SourceTitle "CBM 185 Extra"]
[Source "ChessBase"]
[SourceDate "2018.07.29"]
[SourceVersion "1"]
[SourceVersionDate "2018.07.29"]
[SourceQuality "1"]

1. Nf3 Nf6 2. c4 g6 3. Nc3 Bg7 4. d4 0-0 5. Bg5 d6 6. e3 Nbd7 7. Be2 e5 8. 0-0 h6 9. Bh4 g5 10. Bg3 Nh5 11. dxe5 Nxg3 12. hxg3 Nxe5 13. Nd4 Bd7 14. Qc2 f5 15. Rad1 c6 16. Qd2 Qe7 17. Rfe1 Rae8 18. b3 g4 19. Bd3 Qg5 20. Nce2 h5 21. Nf4 h4 22. gxh4 Qxh4 23. Nde2 Rf6 24. Ng3 Rh6 25. Qc2 Nf3+ 26. Kf1 Nd4 0-1

[Event "Helsingor Xtracon op"]
[Site "Helsingor"]
[Date "2018.07.22"]
[Round "2"]
[White "Klings, Peter"]
[Black "Hilby, Craig"]
[Result "0-1"]
[WhiteElo "2102"]
[BlackElo "2426"]
[PlyCount "144"]
[EventDate "2018.07.21"]
[EventType "swiss"]
[EventRounds "10"]
[EventCountry "DEN"]
[SourceTitle "CBM 185 Extra"]
[Source "ChessBase"]
[SourceDate "2018.07.29"]
[SourceVersion "1"]
[SourceVersionDate "2018.07.29"]
[SourceQuality "1"]

1. Nf3 d5 2. g3 Nf6 3. Bg2 e6 4. 0-0 Be7 5. c4 0-0 6. b3 b6 7. Bb2 Bb7 8. cxd5 exd5 9. d4 Nbd7 10. Nc3 c6 11. Qc2 Re8 12. Rfd1 Bf8 13. e3 Qc7 14. Rac1 Rad8 15. Ne5 Qb8 16. e4 Nxe5 17. dxe5 Rxe5 18. exd5 cxd5 19. Nb5 Re6 20. Nd4 Rc8 21. Qd3 Ree8 22. Nf5 Rxc1 23. Rxc1 Qd8 24. Bd4 Ne4 25. Ne3 Qd7 26. Rd1 Qe6 27. Qc2 Rc8 28. Qb2 h5 29. h4 Qg6 30. Bh3 Re8 31. Bd7 Rd8 32. Bf5 Qh6 33. Rc1 Nc5 34. b4 Ne6 35. Bh3 Nxd4 36. Qxd4 Qd6 37. a3 g6 38. Bg2 Bg7 39. Qd3 Bh6 40. f4 a5 41. Rd1 axb4 42. axb4 Qxb4 43. Nxd5 Qc5+ 44. Kh2 Bxd5 45. Bxd5 Kf8 46. Kg2 b5 47. f5 Kg7 48. Qe4 Qe3 49. Qxe3 Bxe3 50. fxg6 fxg6 51. Kf3 Bc5 52. Bb3 Rf8+ 53. Ke4 Re8+ 54. Kd5 Bf2 55. Kc6 Bxg3 56. Rd7+ Kf6 57. Rf7+ Ke5 58. Rf3 Bf4 59. Bf7 Re7 60. Bd5 b4 61. Rb3 Bd2 62. Rb2 Bc3 63. Re2+ Kf6 64. Rf2+ Kg7 65. Kd6 Ra7 66. Kc5 Rd7 67. Rg2 Re7 68. Kd6 Bf6 69. Bb3 Re4 70. Bc2 Rg4 71. Rxg4 hxg4 72. Kc5 g3 0-1

[Event "Helsingor Xtracon op"]
[Site "Helsingor"]
[Date "2018.07.22"]
[Round "3"]
[White "Pedersen, Lars Wisler"]
[Black "Klings, Peter"]
[Result "0-1"]
[WhiteElo "1856"]
[BlackElo "2102"]
[PlyCount "64"]
[EventDate "2018.07.21"]
[EventType "swiss"]
[EventRounds "10"]
[EventCountry "DEN"]
[SourceTitle "CBM 185 Extra"]
[Source "ChessBase"]
[SourceDate "2018.07.29"]
[SourceVersion "1"]
[SourceVersionDate "2018.07.29"]
[SourceQuality "1"]

1. e4 c5 2. Nf3 g6 3. Nc3 Bg7 4. d4 cxd4 5. Nxd4 Nc6 6. Be3 Nf6 7. Be2 0-0 8. f3 d5 9. Nxc6 bxc6 10. exd5 cxd5 11. Bd4 Qd6 12. 0-0 e5 13. Nb5 Qe7 14. Bxa7 Rxa7 15. Nxa7 Qxa7+ 16. Kh1 Be6 17. Qd3 Rb8 18. b3 Nd7 19. Rab1 Nc5 20. Qe3 d4 21. Qd2 e4 22. fxe4 Nxe4 23. Qf4 Nc3 24. Rbe1 Nd5 25. Qd2 Ne3 26. Rg1 Qxa2 27. Bd3 Qa7 28. Ra1 Qc7 29. Qa5 Qf4 30. b4 Be5 31. Qxe5 Qxe5 32. Ra5 Ng4 0-1